000 00601nam a2200229Ia 4500
003 0100
008 130227s9999 xx 000 0 und d
040 _cARRUPELIB
050 _aB21.P394
245 _aFrom Plato to Nietzsche
250 _a2nd ed.
260 _aNew Jersey
260 _bPrentice Hall
260 _C1997
300 _a1147p.
300 _b 23 cm
440 _aPhilosophic classics
650 _bUnited States - Politics - 1849-1877 - Addresses
650 _cUnited States - History - Addresses
700 _aBaird, Forrest E. ; Kaufmann, Walter (ed.)
942 _2lcc
_02
999 _c1755
_d1755